[Event "Bergneustadt- Godesberg 2"]
[Site "?"]
[Date "2022.11.13"]
[Round "4.1"]
[White "Mantau, Jan"]
[Black "Stuemer, Paul"]
[Result "1-0"]
[WhiteElo "2166"]
[BlackElo "1992"]
[PlyCount "71"]
[SourceVersionDate "2023.06.22"]

1. e4 c5 2. Nf3 Nc6 3. d4 cxd4 4. Nxd4 g6 5. Be3 Nf6 6. Nc3 Bg7 7. Bc4 O-O 8.
Bb3 e6 9. O-O d5 10. exd5 exd5 11. Nde2 Be6 12. h3 Re8 13. Re1 Qa5 14. Nd4 Rad8
15. Nce2 Ne4 16. c3 a6 17. Nf4 Qc7 18. Nd3 Qc8 19. Nxe6 fxe6 20. Bb6 Rd7 21. f3
Nf6 22. Nf4 Rf7 23. Qd2 Kh8 24. c4 Nd7 25. Bf2 Nde5 26. cxd5 exd5 27. Bxd5 Rd8
28. Rad1 Rfd7 29. Qe2 Rd6 30. Bb3 Qf5 31. Rxd6 Rxd6 32. Ne6 Bf6 33. Nc5 Nd4 34.
Bxd4 Rxd4 35. Ne4 Bd8 36. Ng3 1-0

[Event "Bergneustadt- Godesberg 2"]
[Site "?"]
[Date "2022.11.13"]
[Round "4.2"]
[White "Michalik, Friedhelm"]
[Black "Wecker, Martin"]
[Result "1/2-1/2"]
[WhiteElo "2115"]
[BlackElo "2150"]
[PlyCount "98"]
[SourceVersionDate "2023.06.22"]

1. d4 Nf6 2. Nf3 d5 3. e3 c5 4. b3 cxd4 5. exd4 Nc6 6. Bb2 Bg4 7. Nbd2 e6 8.
Be2 Bd6 9. h3 Bh5 10. O-O Qc7 11. c4 O-O 12. c5 Be7 13. a3 a5 14. Bc3 Rfd8 15.
b4 Ne4 16. Qc2 Nxc3 17. Qxc3 Bf6 18. g4 Qf4 19. Qe3 Nxd4 20. Nxd4 Qxd4 21. gxh5
Qxe3 22. fxe3 Bxa1 23. Rxa1 axb4 24. a4 f5 25. Nb3 e5 26. a5 Rf8 27. a6 bxa6
28. Rxa6 Rxa6 29. Bxa6 Kf7 30. c6 Ke6 31. c7 Kd7 32. c8=Q+ Rxc8 33. Bxc8+ Kxc8
34. Nc5 Kd8 35. Kf2 Ke7 36. Ke2 Kd6 37. Nd3 b3 38. Kd2 e4 39. Nf4 Ke5 40. Ne2
g5 41. hxg6 hxg6 42. h4 f4 43. Nxf4 d4 44. Nxg6+ Kf5 45. Ne7+ Ke6 46. Nc6 dxe3+
47. Kc3 Kf5 48. Kxb3 Kg4 49. Nd4 Kxh4 1/2-1/2

[Event "Bergneustadt- Godesberg 2"]
[Site "?"]
[Date "2022.11.13"]
[Round "4.3"]
[White "Mittmann, Johannes"]
[Black "Wang, Andre"]
[Result "1-0"]
[WhiteElo "2110"]
[BlackElo "1994"]
[PlyCount "61"]
[SourceVersionDate "2023.06.22"]

1. e4 c5 2. Nf3 Nc6 3. d4 cxd4 4. Nxd4 d6 5. Nc3 Nf6 6. Bg5 Qa5 7. Bxf6 gxf6 8.
Nb3 Qd8 9. Qh5 e6 10. O-O-O a6 11. f4 Qc7 12. f5 b5 13. e5 fxe5 14. Ne4 Be7 15.
f6 Bf8 16. Ng5 h6 17. Bd3 Rg8 18. Nh7 Bb7 19. Nxf8 Rxf8 20. Qxh6 Nb4 21. a3
Nxd3+ 22. Rxd3 Bxg2 23. Rg1 Be4 24. Rc3 Qb7 25. Rd1 Bd5 26. Na5 Qd7 27. b4 Rc8
28. Rh3 Rg8 29. Qg7 Rxc2+ 30. Kxc2 Qc7+ 31. Kb2 1-0

[Event "Bergneustadt- Godesberg 2"]
[Site "?"]
[Date "2022.11.13"]
[Round "4.4"]
[White "Kiparski, Ekkehart"]
[Black "Koegler, Christof"]
[Result "0-1"]
[WhiteElo "1971"]
[BlackElo "1966"]
[PlyCount "62"]
[SourceVersionDate "2023.06.22"]

1. d4 Nf6 2. c4 e6 3. Nc3 Bb4 4. a3 Bxc3+ 5. bxc3 b6 6. Bg5 Bb7 7. e3 d6 8. Nf3
Nbd7 9. Be2 O-O 10. O-O Qe8 11. Re1 Ne4 12. Rc1 f5 13. Bf4 Qg6 14. h3 Kh8 15.
Qa4 Rf7 16. Rf1 Nd2 17. Nh4 Qf6 18. Rfd1 Ne4 19. Nf3 g5 20. Bg3 g4 21. Nd2 Nxg3
22. fxg3 gxh3 23. gxh3 Qh6 24. Kf2 Qxh3 25. Nf3 Nf6 26. Rg1 Qh6 27. Nh4 Ng4+
28. Bxg4 fxg4+ 29. Ke2 Rf3 30. Nxf3 Bxf3+ 31. Kd3 Be4+ 0-1

[Event "Bergneustadt- Godesberg 2"]
[Site "?"]
[Date "2022.11.13"]
[Round "4.5"]
[White "Mueller- Boge, Michael"]
[Black "Blab, Ludwig"]
[Result "1/2-1/2"]
[WhiteElo "2025"]
[BlackElo "2030"]
[PlyCount "150"]
[SourceVersionDate "2023.06.22"]

1. e4 e6 2. d4 d5 3. Nc3 Nf6 4. e5 Nfd7 5. f4 c5 6. Nf3 Nc6 7. Be3 Be7 8. Qd2
a6 9. dxc5 Nxc5 10. a3 b5 11. Nd4 Nxd4 12. Bxd4 Bb7 13. Bd3 Rc8 14. O-O g6 15.
Kh1 Qc7 16. Qe3 Nxd3 17. cxd3 h5 18. Rfc1 Qd7 19. Ne2 O-O 20. b4 Rxc1+ 21. Rxc1
Rc8 22. Rxc8+ Qxc8 23. Qc1 Qd7 24. Qc2 a5 25. Bc5 Bd8 26. Nd4 a4 27. Qe2 Qe8
28. Kg1 Bc8 29. Kf1 Bd7 30. g3 Kg7 31. Ke1 f6 32. exf6+ Bxf6 33. Nf3 Qc8 34.
Kd2 Be8 35. Bd4 Bxd4 36. Nxd4 Kf7 37. Nf3 Ke7 38. Qe5 Qc6 39. Qg7+ Kd6 40. Qe5+
Kd7 41. Qf6 Qb6 42. Qd4 Qd6 43. Qa7+ Kd8 44. Ne5 g5 45. Qc5 Qxc5 46. bxc5 gxf4
47. gxf4 d4 48. Nf3 Ke7 49. Nxd4 Kf6 50. Kc3 e5 51. Ne2 exf4 52. Nxf4 Ke5 53.
Ne2 h4 54. Kb4 Bc6 55. d4+ Ke4 56. Nc3+ Kxd4 57. Nxb5+ Ke3 58. Na7 Be8 59. Kc3
h3 60. c6 Kf2 61. Kd2 Kg2 62. Ke1 Kxh2 63. c7 Bd7 64. Kf2 Kh1 65. Nc6 Kh2 66.
Nd4 Kh1 67. Kg3 Kg1 68. Nf3+ Kf1 69. Nh2+ Ke2 70. Nf3 Ke3 71. Ne5 Bc8 72. Nc4+
Kd3 73. Nb6 Be6 74. Nxa4 Kc4 75. Nb6+ Kb5 1/2-1/2

[Event "Bergneustadt- Godesberg 2"]
[Site "?"]
[Date "2022.11.13"]
[Round "4.6"]
[White "Stahlschmidt, Timo"]
[Black "Selalmazidis, Arsenis"]
[Result "0-1"]
[WhiteElo "1746"]
[BlackElo "2055"]
[PlyCount "80"]
[SourceVersionDate "2023.06.22"]

1. e4 c5 2. Nf3 d6 3. d4 cxd4 4. Nxd4 Nf6 5. Nc3 a6 6. g3 e6 7. Bg2 Be7 8. O-O
Qc7 9. Be3 O-O 10. g4 Nc6 11. Nxc6 bxc6 12. g5 Nd7 13. f4 Rb8 14. Qh5 g6 15.
Qh6 Re8 16. Rf3 Bf8 17. Qh4 Rxb2 18. Bd4 e5 19. Nd5 cxd5 20. Bxb2 Qb6+ 21. Kh1
Qxb2 22. Raf1 exf4 23. Rxf4 Ne5 24. Qf2 Re7 25. exd5 Rc7 26. Be4 Bh3 27. Re1
Qxa2 28. Rh4 Bf5 29. Bxf5 gxf5 30. Qxf5 Qxd5+ 31. Rhe4 Rxc2 32. Kg1 Qb3 33.
R4e3 Qa2 34. Rh3 Ng6 35. Rf1 Rg2+ 36. Kh1 Be7 37. Qc8+ Nf8 38. Qb7 Rxg5 39. Rg3
Rxg3 40. hxg3 Ng6 0-1

[Event "Bergneustadt- Godesberg 2"]
[Site "?"]
[Date "2022.11.13"]
[Round "4.7"]
[White "Biedekoepper, Robert"]
[Black "Sailer, Hans- Peter"]
[Result "1-0"]
[WhiteElo "1974"]
[BlackElo "1925"]
[PlyCount "89"]
[SourceVersionDate "2023.06.22"]

1. d4 Nf6 2. c4 e6 3. Nc3 Bb4 4. f3 d5 5. Bg5 h6 6. Bh4 O-O 7. a3 Bxc3+ 8. bxc3
c5 9. e3 Qa5 10. Qd2 Nbd7 11. cxd5 exd5 12. Bd3 cxd4 13. cxd4 Qxd2+ 14. Kxd2 b6
15. Rc1 a5 16. Ne2 Ba6 17. Bxa6 Rxa6 18. a4 Raa8 19. Rc7 Rac8 20. Rhc1 Rxc7 21.
Rxc7 Re8 22. Nc3 g5 23. Bg3 Re6 24. e4 dxe4 25. fxe4 Nf8 26. Kd3 Nh5 27. d5 Re8
28. Rb7 Nxg3 29. hxg3 Kg7 30. Rxb6 Nd7 31. Rb5 Ra8 32. Kd4 Kg6 33. Rb7 Rd8 34.
Ra7 f6 35. Rxa5 Ne5 36. Rc5 h5 37. a5 Rb8 38. Rb5 Rc8 39. Rb4 Rd8 40. Ra4 h4
41. gxh4 gxh4 42. a6 Nc6+ 43. Kc5 Na7 44. Kb6 Rd7 45. Rc4 1-0

[Event "Bergneustadt- Godesberg 2"]
[Site "?"]
[Date "2022.11.13"]
[Round "4.8"]
[White "Schinkowski, Thomas"]
[Black "Wulfken, Christof"]
[Result "1-0"]
[WhiteElo "1768"]
[BlackElo "1979"]
[PlyCount "83"]
[SourceVersionDate "2023.06.22"]

1. d4 d5 2. Bf4 Nf6 3. e3 e6 4. Nf3 Nbd7 5. Bd3 c5 6. c3 Be7 7. Nbd2 O-O 8. Ne5
Ne8 9. h4 f6 10. Nef3 Bd6 11. Qc2 f5 12. Ne5 Ndf6 13. Ndf3 Ne4 14. Nd2 N8f6 15.
f3 Nxd2 16. Qxd2 Nh5 17. g3 Qc7 18. O-O-O c4 19. Bc2 b5 20. Rdg1 a5 21. g4 Nxf4
22. exf4 b4 23. gxf5 exf5 24. h5 Rf6 25. Rg5 h6 26. Rg3 bxc3 27. bxc3 Ra7 28.
Rhg1 Qb8 29. Qg2 Ba3+ 30. Kd2 Bf8 31. Rg6 Qd6 32. Rg3 Re7 33. Qh3 Bd7 34. Qh4
Be8 35. Rb1 Rc7 36. Rgg1 Qe7 37. Qh3 Bd7 38. Rge1 Qd6 39. Rb2 Qa3 40. Reb1 Qd6
41. Rb8 Qe7 42. Qh4 1-0

[Event "Plettenberg- Bonn "]
[Site "?"]
[Date "2022.11.13"]
[Round "4.1"]
[White "Haag, Martin"]
[Black "Schulze, Marc"]
[Result "1-0"]
[WhiteElo "2224"]
[BlackElo "2172"]
[PlyCount "47"]
[SourceVersionDate "2023.06.22"]

1. c4 e5 2. Nc3 Nf6 3. Nf3 e4 4. Ng5 c6 5. Ngxe4 Nxe4 6. Nxe4 d5 7. cxd5 cxd5
8. Ng3 h5 9. e3 h4 10. Ne2 Nc6 11. d4 Qf6 12. Nc3 Qg6 13. a3 Bd6 14. f4 Bf5 15.
Kf2 O-O-O 16. Bd2 Qh6 17. Rc1 g5 18. Bb5 gxf4 19. Nxd5 fxe3+ 20. Bxe3 Bg3+ 21.
Kg1 Qf8 22. Qf3 Be6 23. Bxc6 bxc6 24. Rxc6+ 1-0

[Event "Plettenberg- Bonn "]
[Site "?"]
[Date "2022.11.13"]
[Round "4.2"]
[White "Oswald, Hans- Joachim"]
[Black "Hoppe, Thilo"]
[Result "1/2-1/2"]
[WhiteElo "2258"]
[BlackElo "2116"]
[PlyCount "97"]
[SourceVersionDate "2023.06.22"]

1. Nf3 Nf6 2. c4 g6 3. g3 c6 4. Bg2 d5 5. b3 Bg7 6. Bb2 O-O 7. O-O a5 8. d3 Bf5
9. Nbd2 a4 10. Rc1 a3 11. Bc3 Na6 12. Re1 Bc8 13. Nb1 b5 14. cxb5 cxb5 15. b4
Bb7 16. Qb3 Nc7 17. Nxa3 Qd7 18. Be5 Ne6 19. Nd4 Nxd4 20. Bxd4 Rfc8 21. Rc5
Rxc5 22. bxc5 Bc6 23. Nc2 Ng4 24. Bxg7 Kxg7 25. Nd4 Nf6 26. Rb1 e6 27. Nxc6
Qxc6 28. Qxb5 Qxb5 29. Rxb5 Rxa2 30. Bf3 g5 31. h3 h5 32. g4 hxg4 33. hxg4 Rc2
34. d4 Kf8 35. Rb7 Ke8 36. Kg2 Nd7 37. e3 Nf6 38. Rc7 Kf8 39. Kg3 Rc1 40. Bg2
Rc3 41. Rb7 Ke8 42. Rb1 Ke7 43. Re1 Rc2 44. f3 Rc3 45. Bf1 Nd7 46. Bb5 Nf6 47.
Kf2 e5 48. dxe5 Nd7 49. Bxd7 1/2-1/2

[Event "Plettenberg- Bonn "]
[Site "?"]
[Date "2022.11.13"]
[Round "4.3"]
[White "Lorenz, Roger"]
[Black "Wichmann, Frank"]
[Result "1-0"]
[WhiteElo "2180"]
[BlackElo "1827"]
[PlyCount "87"]
[SourceVersionDate "2023.06.22"]

1. d4 Nf6 2. c4 g6 3. Nc3 Bg7 4. e4 d6 5. Nf3 O-O 6. Be2 Nbd7 7. O-O c5 8. d5
a6 9. h3 Ne8 10. Qc2 e5 11. dxe6 fxe6 12. Bg5 Bf6 13. Qd2 Qe7 14. Rad1 Bxg5 15.
Nxg5 Ne5 16. f4 Nc6 17. Nf3 Qg7 18. Qe3 b6 19. e5 dxe5 20. fxe5 Bb7 21. Ne4 Kh8
22. Nfg5 Rf5 23. Bg4 Nxe5 24. Bxf5 exf5 25. Nd2 Nd6 26. Qc3 h6 27. Ne6 Qf6 28.
Nf4 Ndf7 29. Rde1 Kg7 30. Re3 Rd8 31. Rfe1 Rd4 32. Rf1 Kh7 33. Rg3 g5 34. Ne2
Rd6 35. Qc2 Bc8 36. Ne4 Qg7 37. Nxd6 Nxd6 38. b3 Kg8 39. Rd1 Qf6 40. Nf4 Ne4
41. Nd5 Qe6 42. Re3 Nc6 43. Rde1 Nd4 44. Rxe4 1-0

[Event "Plettenberg- Bonn "]
[Site "?"]
[Date "2022.11.13"]
[Round "4.4"]
[White "Kuhnen, Thomas"]
[Black "Gikas, Basilius"]
[Result "0-1"]
[WhiteElo "2069"]
[BlackElo "2146"]
[PlyCount "76"]
[SourceVersionDate "2023.06.22"]

1. e4 c5 2. Nc3 e6 3. f4 a6 4. a4 b6 5. Nf3 Bb7 6. d3 d5 7. Qe2 Be7 8. g3 Nf6
9. e5 Nfd7 10. Bg2 O-O 11. O-O Nc6 12. f5 Nd4 13. Nxd4 cxd4 14. Nd1 exf5 15.
Rxf5 Nc5 16. h4 Qd7 17. Rf1 Rae8 18. Qh5 Qe6 19. Kh2 Bd8 20. Bf4 Bc7 21. b4 Nd7
22. Bh3 Qc6 23. b5 axb5 24. axb5 Qxb5 25. Ra7 Nc5 26. Nf2 Bb8 27. Ng4 f5 28.
exf6 Bxf4 29. gxf4 g6 30. Qh6 Re2+ 31. Kg1 Rf7 32. Qg5 Qe8 33. Ne5 Ne6 34. Bxe6
Qxe6 35. Rxb7 Rxb7 36. f7+ Rxf7 37. Nxf7 Qe3+ 38. Kh1 Qh3+ 0-1

[Event "Plettenberg- Bonn "]
[Site "?"]
[Date "2022.11.13"]
[Round "4.5"]
[White "Rosskothen, Arnd"]
[Black "Noelke, Manfred"]
[Result "1/2-1/2"]
[WhiteElo "2111"]
[BlackElo "1888"]
[PlyCount "23"]
[SourceVersionDate "2023.06.22"]

1. d4 d5 2. c4 dxc4 3. e4 e5 4. Nf3 Bb4+ 5. Bd2 Bxd2+ 6. Nbxd2 exd4 7. Bxc4 Nc6
8. O-O Nf6 9. Bb5 Bd7 10. Re1 O-O 11. Nb3 Re8 12. Bxc6 1/2-1/2

[Event "Plettenberg- Bonn "]
[Site "?"]
[Date "2022.11.13"]
[Round "4.6"]
[White "Hermaneck, Helmut"]
[Black "Gaul, Alexander"]
[Result "1/2-1/2"]
[WhiteElo "2116"]
[BlackElo "1955"]
[PlyCount "48"]
[SourceVersionDate "2023.06.22"]

1. c4 Nf6 2. Nc3 e5 3. g3 Bb4 4. Bg2 O-O 5. Nf3 Re8 6. O-O e4 7. Nd4 Nc6 8. Nc2
Bxc3 9. dxc3 h6 10. Ne3 a5 11. b3 d6 12. Nd5 Bf5 13. Be3 Ng4 14. h3 Nxe3 15.
Nxe3 Qd7 16. Nxf5 Qxf5 17. e3 Qe5 18. Qc2 f5 19. Rfd1 Qf6 20. Rd2 Nb4 21. Qb2
Nd3 22. Qc2 Nb4 23. Qb2 Nd3 24. Qc2 Nb4 1/2-1/2

[Event "Plettenberg- Bonn "]
[Site "?"]
[Date "2022.11.13"]
[Round "4.7"]
[White "Koch, Matthias"]
[Black "Kraemer, Roland"]
[Result "1-0"]
[WhiteElo "1926"]
[BlackElo "2015"]
[PlyCount "37"]
[SourceVersionDate "2023.06.22"]

1. e4 Nf6 2. Nc3 e5 3. f4 d5 4. fxe5 Nxe4 5. d3 Nc5 6. d4 Ne6 7. Nf3 b6 8. Be3
Ba6 9. Bxa6 Nxa6 10. Qe2 Nb8 11. O-O Be7 12. Qf2 O-O 13. Qg3 c5 14. Ne2 Nc6 15.
c3 f6 16. Nf4 Nxf4 17. Bxf4 cxd4 18. Bh6 Rf7 19. e6 1-0

[Event "Plettenberg- Bonn "]
[Site "?"]
[Date "2022.11.13"]
[Round "4.8"]
[White "Maniocha, Marek"]
[Black "Goergen, Christian"]
[Result "0-1"]
[WhiteElo "1934"]
[BlackElo "1800"]
[PlyCount "76"]
[SourceVersionDate "2023.06.22"]

1. d4 Nf6 2. c4 c5 3. d5 b5 4. cxb5 a6 5. b6 Qxb6 6. Nc3 d6 7. e4 g6 8. Nf3 Bg7
9. Bd3 O-O 10. O-O a5 11. Re1 Ng4 12. h3 Ne5 13. Nxe5 Bxe5 14. Kh1 c4 15. Bxc4
Qxf2 16. Re3 Qf4 17. g3 Qf2 18. Rf3 Qc5 19. Bf1 Ba6 20. Be3 Qb4 21. Qc2 Bxf1
22. Raxf1 Nd7 23. Qf2 Bxc3 24. bxc3 Qxe4 25. Kh2 Ne5 26. Rf4 Qxd5 27. Rd4 Qe6
28. Bf4 Rac8 29. Qd2 Rc5 30. Bxe5 Rxe5 31. Rf2 Rh5 32. h4 Re5 33. c4 Rc8 34.
Qd3 Re3 35. Qd2 Re4 36. Rxe4 Qxe4 37. Qxa5 Qxc4 38. Qa7 Qc5 0-1

[Event "Bergische SF- Solingen 4"]
[Site "?"]
[Date "2022.11.13"]
[Round "4.1"]
[White "Blasek, Ralph"]
[Black "Bosbach, Stefan"]
[Result "1-0"]
[WhiteElo "2228"]
[BlackElo "2094"]
[PlyCount "67"]
[SourceVersionDate "2023.06.22"]

1. d4 c5 2. c3 Nf6 3. Nf3 e6 4. h3 b6 5. Bg5 Be7 6. Nbd2 Bb7 7. e3 O-O 8. a3 d5
9. Bd3 Nbd7 10. Qb1 h6 11. Bf4 Kh8 12. g4 Rc8 13. Rg1 Ng8 14. h4 a6 15. Qd1 b5
16. g5 f5 17. Qe2 c4 18. Bc2 Rc6 19. O-O-O Bd6 20. gxh6 gxh6 21. Ne5 Bxe5 22.
dxe5 Qe8 23. h5 Rf7 24. Nf3 Nf8 25. Nh4 Rcc7 26. Ng6+ Kh7 27. Rg3 Rg7 28. Rdg1
a5 29. f3 Bc6 30. e4 dxe4 31. fxe4 Nxg6 32. hxg6+ Kh8 33. exf5 exf5 34. Qh5 1-0

[Event "Bergische SF- Solingen 4"]
[Site "?"]
[Date "2022.11.13"]
[Round "4.2"]
[White "Gelsok, Philipp"]
[Black "Hannewald, Anton"]
[Result "0-1"]
[WhiteElo "1921"]
[BlackElo "1979"]
[PlyCount "90"]
[SourceVersionDate "2023.06.22"]

1. e4 c5 2. Nf3 Nc6 3. d4 cxd4 4. Nxd4 e5 5. Nb5 d6 6. N1c3 a6 7. Na3 Be7 8.
Nc4 b5 9. Ne3 Nf6 10. Ned5 O-O 11. g3 b4 12. Nxf6+ Bxf6 13. Nd5 Be6 14. Be3 Bg5
15. Qd2 Bxe3 16. Nxe3 Qb6 17. Bg2 Rac8 18. O-O Nd4 19. a3 bxa3 20. Rxa3 Qxb2
21. Rxa6 Bc4 22. Nxc4 Rxc4 23. Rxd6 h6 24. Qa5 Rxc2 25. Rb6 Ne2+ 26. Kh1 Qd4
27. Rb4 Qd2 28. Rb5 Nc3 29. Rxe5 Rc1 30. Qa6 Rxf1+ 31. Bxf1 Qxf2 32. Qd3 g6 33.
Ra5 Rb8 34. Ra1 Rb2 35. Qd8+ Kg7 36. Qh4 Qf3+ 37. Kg1 g5 38. Qh3 Nxe4 39. g4
Qf2+ 40. Kh1 Qf4 41. Kg1 Qf2+ 42. Kh1 Qd4 43. Qf3 Nf2+ 44. Kg2 Nxg4+ 45. Be2
Ne5 0-1

[Event "Bergische SF- Solingen 4"]
[Site "?"]
[Date "2022.11.13"]
[Round "4.3"]
[White "Goerke, Joachim"]
[Black "Weiser, Hans- Josef"]
[Result "1/2-1/2"]
[WhiteElo "2119"]
[BlackElo "2010"]
[Annotator "daniel"]
[PlyCount "82"]
[SourceVersionDate "2023.06.22"]

1. d4 d5 2. c4 dxc4 3. Nf3 Nf6 4. e3 a6 5. Bxc4 e6 6. Nc3 b5 7. Bd3 c5 8. dxc5
Bxc5 9. Qc2 Nbd7 10. O-O Bb7 11. e4 e5 $11 12. Bg5 Qc7 13. Rac1 Rc8 14. Qe2 Qb6
15. Nd5 Nxd5 16. exd5 f6 17. Bh4 g6 18. Qd2 O-O 19. Bc2 Qd6 20. Rfd1 Nb6 21.
Bb3 Rfd8 22. a3 Kg7 23. Bg3 Bxd5 24. Bxd5 Qxd5 25. Qe2 Qg8 26. b4 Be7 27. Qe4
Rxc1 28. Rxc1 Qd5 29. Qxd5 Rxd5 30. Kf1 Nc4 31. Ra1 Rd3 32. a4 Rb3 33. axb5
axb5 34. Ra7 Kf7 35. Bh4 Rxb4 36. Ng5+ fxg5 37. Bxg5 Rb1+ 38. Ke2 Rb2+ 39. Ke1
Rb1+ 40. Ke2 Rb2+ 41. Ke1 Rb1+ 1/2-1/2

[Event "Bergische SF- Solingen 4"]
[Site "?"]
[Date "2022.11.13"]
[Round "4.4"]
[White "Thelen, Harm- Wulf"]
[Black "Waagener, Ulrich"]
[Result "0-1"]
[WhiteElo "2056"]
[BlackElo "2114"]
[PlyCount "122"]
[SourceVersionDate "2023.06.22"]

1. c4 c6 2. d4 d5 3. Nc3 dxc4 4. a4 e5 5. Nf3 exd4 6. Nxd4 Nf6 7. e3 Bd6 8.
Bxc4 O-O 9. h3 a5 10. O-O Qe7 11. Qc2 Qe5 12. f4 Qc5 13. b3 Qb6 14. Ba3 Bxa3
15. Rxa3 Na6 16. Raa1 Nb4 17. Qf2 Nbd5 18. Nxd5 cxd5 19. Bd3 Bd7 20. Rac1 Rac8
21. g4 Rfe8 22. Qf3 Qb4 23. Rxc8 Bxc8 24. Qe2 Qc3 25. Rd1 Bd7 26. Qc2 Qxc2 27.
Nxc2 g6 28. g5 Nh5 29. Kg2 Ng7 30. Kf2 Bxh3 31. Bb5 Rc8 32. Nd4 Be6 33. Bd3 Rc3
34. Ke1 Bg4 35. Rd2 Ne6 36. Nb5 Rxb3 37. Kf2 Nc5 38. Bc2 Rb2 39. Ke1 Be6 40.
Nc3 Kg7 41. Kd1 Nb3 42. Bxb3 Rxb3 43. Kc2 Rb4 44. Kd3 h5 45. gxh6+ Kxh6 46.
Rh2+ Kg7 47. Rd2 f6 48. Ke2 g5 49. f5 Bxf5 50. Rxd5 Bg4+ 51. Kd3 b6 52. Rd6 Bf3
53. e4 g4 54. Ke3 Kf7 55. Kf4 Rc4 56. Rd3 Ke6 57. Ke3 f5 58. exf5+ Kxf5 59. Kd2
Bc6 60. Ne2 Bxa4 61. Nd4+ Ke4 0-1

[Event "Bergische SF- Solingen 4"]
[Site "?"]
[Date "2022.11.13"]
[Round "4.5"]
[White "Kushchan, Eduard"]
[Black "Eilers, Jochen"]
[Result "1-0"]
[WhiteElo "2026"]
[BlackElo "1925"]
[PlyCount "71"]
[SourceVersionDate "2023.06.22"]

1. Nf3 c5 2. e3 g6 3. c4 Bg7 4. Nc3 Nf6 5. d4 O-O 6. Be2 d6 7. O-O Nc6 8. d5
Na5 9. Bd3 a6 10. Rb1 Bg4 11. h3 Bxf3 12. Qxf3 Nd7 13. Qe2 Ne5 14. f4 Nxd3 15.
Qxd3 Rb8 16. Bd2 b5 17. b3 bxc4 18. bxc4 Qc7 19. Ne4 h6 20. Rxb8 Rxb8 21. f5
gxf5 22. Ng3 e6 23. e4 fxe4 24. Nxe4 exd5 25. Nf6+ Bxf6 26. Rxf6 Nxc4 27. Qg3+
Kf8 28. Bxh6+ Ke7 29. Rxf7+ Kxf7 30. Qg7+ Ke6 31. Qxc7 Rb1+ 32. Kh2 d4 33. Qc8+
Ke5 34. Qe8+ Kf6 35. Qf8+ Ke5 36. Qf4+ 1-0

[Event "Bergische SF- Solingen 4"]
[Site "?"]
[Date "2022.11.13"]
[Round "4.6"]
[White "Gutt, Oswald"]
[Black "Erkay, Ali- Necip"]
[Result "1/2-1/2"]
[WhiteElo "1915"]
[BlackElo "1946"]
[PlyCount "71"]
[SourceVersionDate "2023.06.22"]

1. d4 Nf6 2. c4 e6 3. Nf3 Bb4+ 4. Nbd2 b6 5. e3 Bb7 6. Bd3 O-O 7. O-O d5 8. a3
Be7 9. b3 Nbd7 10. Bb2 c5 11. Rc1 Rc8 12. Qe2 Rc7 13. cxd5 Nxd5 14. Ba6 Qc8 15.
Bxb7 Qxb7 16. dxc5 Nxc5 17. b4 Nd7 18. Rxc7 Nxc7 19. Rc1 Bf6 20. Bxf6 Nxf6 21.
Qc4 Na6 22. Qc6 Qxc6 23. Rxc6 Rd8 24. Kf1 Ne8 25. Ke2 Kf8 26. Ne4 Nb8 27. Rc2
f6 28. Nd4 Ke7 29. b5 Kd7 30. Rd2 Ke7 31. Rc2 Kd7 32. g4 Nd6 33. Nxd6 Kxd6 34.
Rd2 Ke7 35. Rc2 Kd6 36. Rd2 1/2-1/2

[Event "Brühl- Schalksmühle"]
[Site "?"]
[Date "2022.11.13"]
[Round "4.1"]
[White "Janssen, Dirk Norbert"]
[Black "Loifenfeld, Jakov"]
[Result "1/2-1/2"]
[WhiteElo "2114"]
[BlackElo "2387"]
[PlyCount "73"]
[SourceVersionDate "2023.06.22"]

1. e4 Nf6 2. e5 Nd5 3. d4 d6 4. c4 Nb6 5. exd6 exd6 6. Nc3 Be7 7. Be3 O-O 8.
Rc1 Nc6 9. Bd3 Re8 10. Nge2 Bg4 11. O-O Bf6 12. Qd2 Nb4 13. f3 Bh5 14. b3 Nxd3
15. Qxd3 Bg6 16. Qd2 c6 17. Rfe1 d5 18. cxd5 Nxd5 19. Nxd5 Qxd5 20. Nf4 Qd6 21.
d5 Red8 22. dxc6 Qxd2 23. Bxd2 bxc6 24. Be3 Rd6 25. Nxg6 hxg6 26. Rc4 Re8 27.
Kf2 Bd8 28. Bd4 Rxe1 29. Kxe1 Bb6 30. Bc5 Re6+ 31. Kd2 f5 32. a4 Kf7 33. b4 Ke8
34. Bxb6 axb6 35. Rd4 c5 36. bxc5 bxc5 37. Rd5 1/2-1/2

[Event "Brühl- Schalksmühle"]
[Site "?"]
[Date "2022.11.13"]
[Round "4.2"]
[White "Keller, Thomas"]
[Black "Koelz, Niklas"]
[Result "0-1"]
[WhiteElo "2234"]
[BlackElo "1844"]
[PlyCount "80"]
[SourceVersionDate "2023.06.22"]

1. e4 c5 2. Nf3 e6 3. c3 d5 4. e5 Nc6 5. d4 b6 6. Bd3 Bb7 7. O-O Qd7 8. a4 cxd4
9. cxd4 Nb4 10. Be2 Ba6 11. Nc3 Bxe2 12. Qxe2 a6 13. Bd2 Ne7 14. a5 bxa5 15.
Na4 Nc8 16. Rfc1 Qb5 17. Qxb5+ axb5 18. Nc5 Nb6 19. Bxb4 axb4 20. Rxa8+ Nxa8
21. Nxe6 Kd7 22. Nf4 Nc7 23. e6+ Nxe6 24. Ne5+ Ke8 25. Rc8+ Ke7 26. Nxd5+ Kd6
27. Nxf7+ Kxd5 28. Nxh8 Kxd4 29. Re8 Kd5 30. Nf7 Bc5 31. Kf1 b3 32. Nd8 Nf4 33.
Nb7 Bb6 34. Ra8 Nd3 35. Na5 Bxa5 36. Rxa5 Kc4 37. Ke2 Nxb2 38. Kd2 Kb4 39. Ra7
Nc4+ 40. Kd3 Na3 0-1

[Event "Brühl- Schalksmühle"]
[Site "?"]
[Date "2022.11.13"]
[Round "4.4"]
[White "Spilles, Matthias"]
[Black "Schmidt, Volker"]
[Result "1-0"]
[WhiteElo "2110"]
[BlackElo "1965"]
[PlyCount "47"]
[SourceVersionDate "2023.06.22"]

1. e4 e6 2. d4 d5 3. Nc3 Nf6 4. e5 Nfd7 5. Nce2 c5 6. c3 Nc6 7. f4 b5 8. Nf3
Qb6 9. g3 b4 10. Be3 Ba6 11. Kf2 Be7 12. Bh3 Rb8 13. Re1 bxc3 14. bxc3 Qa5 15.
f5 Bxe2 16. Qxe2 exf5 17. e6 fxe6 18. Bf4 Nf6 19. Qxe6 Rb6 20. Bxf5 Qxc3 21.
Qc8+ Nd8 22. Rxe7+ Kxe7 23. Re1+ Ne4+ 24. Rxe4+ 1-0

[Event "Brühl- Schalksmühle"]
[Site "?"]
[Date "2022.11.13"]
[Round "4.5"]
[White "Kaemper, Ralph"]
[Black "Engel, Johann"]
[Result "0-1"]
[WhiteElo "2032"]
[BlackElo "2133"]
[PlyCount "60"]
[SourceVersionDate "2023.06.22"]

1. d4 Nf6 2. Nf3 g6 3. Bf4 Bg7 4. c3 O-O 5. h3 d6 6. e3 Nbd7 7. Bc4 c6 8. O-O
Qe8 9. a4 e5 10. dxe5 Nxe5 11. Nxe5 dxe5 12. Bh2 Bf5 13. Qb3 Qe7 14. Nd2 Rad8
15. Rfd1 b6 16. Nf3 Nd7 17. Bg3 Nc5 18. Qa2 Bf6 19. Rac1 Ne4 20. Bh2 Bh4 21.
Nxh4 Qxh4 22. Bxe5 Qxf2+ 23. Kh2 Rd2 24. Rxd2 Nxd2 25. Kh1 Be4 26. Rg1 Qxe3 27.
Kh2 Qc5 28. Bxf7+ Rxf7 29. Bd4 Qd6+ 30. Kh1 Qg3 0-1

[Event "Brühl- Schalksmühle"]
[Site "?"]
[Date "2022.11.13"]
[Round "4.8"]
[White "Haskelman, Evgen"]
[Black "Ertelt, Pornchai"]
[Result "1-0"]
[WhiteElo "2138"]
[BlackElo "1831"]
[PlyCount "53"]
[SourceVersionDate "2023.06.22"]

1. e4 c5 2. Nc3 Nc6 3. g3 g6 4. Bg2 Bg7 5. d3 d6 6. Be3 a6 7. Qd2 Rb8 8. Nge2
e6 9. O-O Nge7 10. Bh6 O-O 11. Bxg7 Kxg7 12. f4 f5 13. Kh1 Bd7 14. d4 cxd4 15.
Nxd4 Qc7 16. Rad1 Rbd8 17. Rfe1 e5 18. Nf3 Bc8 19. Nd5 Nxd5 20. exd5 e4 21.
Qc3+ Rf6 22. Nd4 Bd7 23. dxc6 bxc6 24. g4 fxg4 25. Rxe4 d5 26. Nb5 axb5 27.
Re7+ 1-0

[Event "Niederkassel- Ennepe- Ruhr"]
[Site "?"]
[Date "2022.11.13"]
[Round "4.1"]
[White "Heller, Achim"]
[Black "Stanetzek, Carsten"]
[Result "1-0"]
[WhiteElo "2024"]
[BlackElo "2172"]
[PlyCount "63"]
[SourceVersionDate "2023.06.22"]

1. d4 d5 2. c4 c6 3. cxd5 cxd5 4. Nc3 Nf6 5. Nf3 Nc6 6. Bf4 Bf5 7. e3 e6 8. Qb3
Bb4 9. Ne5 Qb6 10. Nxc6 bxc6 11. Be2 O-O 12. O-O Ne4 13. Rfc1 Bxc3 14. bxc3 g5
15. Bg3 Nxg3 16. hxg3 Rab8 17. Qd1 c5 18. dxc5 Qxc5 19. c4 Rfd8 20. cxd5 Qxd5
21. Qxd5 Rxd5 22. Rd1 Rxd1+ 23. Rxd1 Rb2 24. Bc4 Bb1 25. a3 Ba2 26. Rd4 Bxc4
27. Rxc4 a5 28. Rc5 f5 29. g4 fxg4 30. Rxg5+ Kf7 31. Rxg4 h5 32. Rg5 1-0

[Event "Niederkassel- Ennepe- Ruhr"]
[Site "?"]
[Date "2022.11.13"]
[Round "4.2"]
[White "Schracke, Guido"]
[Black "Arakelian, Aik"]
[Result "1-0"]
[WhiteElo "2146"]
[BlackElo "2009"]
[PlyCount "47"]
[SourceVersionDate "2023.06.22"]

1. e4 c5 2. c3 d5 3. exd5 Qxd5 4. Nf3 e5 5. d4 Nc6 6. Nxe5 Nxe5 7. dxe5 Qxe5+
8. Be3 Bd7 9. Nd2 f5 10. Nf3 Qc7 11. g3 Bd6 12. Bg2 h6 13. Nh4 Nf6 14. Qd3 c4
15. Qc2 Qa5 16. O-O O-O-O 17. b4 Qa3 18. Nxf5 Bxf5 19. Qxf5+ Kb8 20. Qb5 Qa6
21. Qxa6 bxa6 22. Bd4 Rhe8 23. Rfe1 Bc7 24. Bf1 1-0